01665cam a22003495i 4500999001700000001001000017003000900027005001700036008004100053020001800094040004300112082002000155100004000175245006700215246008200282264004100364300004500405336002600450337002800476338002700504500003600531500009400567500029600661650004100957650003200998651001001030653002801040655002201068700004401090942001201134952016901146 c17542d17514016209880EG-ScBUE20210131171029.0121109s2013 nyu g 000 f eng d a9781451673319 aEG-ScBUEbengerdacEG-ScBUEdEG-ScBUE04a813.54bBRA2221 aBradbury, Ray,d1920-2012,eauthor.10a Fahrenheit 451 /cRay Bradbury ; introduction by Neil Gaiman.33aFahrenheit 451 :bthe temperature at which book paper catches fire, and burns 1aNew York :bSimon & Schuster,c2013. axvi, 249 pages :billustrations ;c23 cm atextbtxt2rdacontent aunmediatedbn2rdamedia avolumebnc2rdacarrier a"60th Anniversary ed."--Cover.  a"Fahrenheit 451-- the temperature at which book paper catches fire, and burns ..."--T.p.  a"The sixtieth-anniversary edition commemorates Ray Bradbury"s masterpiece with a new introduction by Neil Gaiman; personal essays on the genesis of the novel by the author; a wealth of critical essays and reviews by Nelson Algren, Harold Bloom, Margaret Atwood; and others ..."--back cover. 7aBook burningvFiction.2BUEsh933709 7aCensorshipvFiction.2BUEsh 2BUEsh bHHUUEENNcSeptember2013 0aDystopias.9337101 aGaiman, Neil, eauthor of introduction. 2ddccBB 00102ddc40708BaccahaMAINbMAINc2NDd2013-09-22epurchaseg159.00h18162l9m22o813.54 BRAp000028889r2026-02-08 00:00:00s2026-01-21v198.75w2013-09-22yBB